01280cam a2200301 i 4500001000800000005001700008008004100025010001700066020001100083040001800094050002100112082001900133100003300152245014500185260003200330300002900362500014800391504005100539505003500590650002900625650002800654700002800682700004500710830006700755942001200822999001700834952012700851459955919860318000000.0761028r1978 nyua b 001 0 eng  a 76050622  c$22.00 aDLCcDLCdDLC10aTS967b.O34 197800a675.2222bCHE1 aO'Flaherty, Fred,eed.9628314aThe chemistry and technology of leather:cedited by Fred O'Flaherty, Wlliam T. Roddy and Robert M. Lollar.bVolume 1. peparation for tannage aNew York :bReinhold,c1956 a495 p. :bill. ;c24 cm. aReprint of the ed. published by Reinhold Pub. Corp., New York, which was issued as no. 134 of the American Chemical Society's Monograph series. aIncludes bibliographical references and index.1 av. 1. Preparation for tannage. 0aLeatherxAnalysis.96284 0aLeatherxTesting.962851 aRoddy, William T.962861 aLollar, Robert M.q(Robert Miller)96287 0aMonograph series (American Chemical Society) ;vno. 134.96288 2ddccBB c11917d11917 00102ddc40708Alef-BaaaMAINbMAINc1STd2009-06-21epurchaseg150.00l0o675.2 CHEp000017079r2025-07-15 00:00:00yBB